00302nam a2200109 a 450000500170000000800410001702000180005805000230007610000200009924500380011926000350015720140412111424.0080201s19uu xx 00 eng d a0-590-10734-8 aTR(PS EbMo74 1996 aSchlein, Miriam aMore than one /cMirriam Schlein. aNew York :bScholastic,c1996.